Entertainment computing - ICEC 2022 : (Record no. 30550)

MARC details
000 -LEADER
fixed length control field 01315pam a2200325 i 4500
001 - CONTROL NUMBER
control field 020766182
003 - CONTROL NUMBER IDENTIFIER
control field EG-ScBUE
005 - DATE AND TIME OF LATEST TRANSACTION
control field 20230907104546.0
008 - FIXED-LENGTH DATA ELEMENTS--GENERAL INFORMATION
fixed length control field 220928s2022 sz a f b 101 0 eng d
020 ## - INTERNATIONAL STANDARD BOOK NUMBER
International Standard Book Number 9783031202117
040 ## - CATALOGING SOURCE
Original cataloging agency StDuBDS
Language of cataloging eng
Description conventions rda
Transcribing agency StDuBDS
Modifying agency Uk
-- EG-ScBUE
082 04 - DEWEY DECIMAL CLASSIFICATION NUMBER
Classification number 790.20285
Edition number 22
Item number ENT
111 2# - MAIN ENTRY--MEETING NAME
Meeting name or jurisdiction name as entry element ICEC (Conference)
Number of part/section/meeting (21st :
Date of meeting 2022 :
Location of meeting Bremen, Germany),
Relator term creator.
245 00 - TITLE STATEMENT
Title Entertainment computing - ICEC 2022 :
Remainder of title 21st IFIP TC 14 International Conference, ICEC 2022, Bremen, Germany, November 1-3, 2022, proceedings /
Statement of responsibility, etc edited by Barbara Göbl [and three others]
264 #1 - PUBLICATION, DISTRIBUTION, ETC. (IMPRINT)
Place of publication, distribution, etc Cham :
Name of publisher, distributor, etc Springer,
Date of publication, distribution, etc 2022.
300 ## - PHYSICAL DESCRIPTION
Extent xvii, 452 pages :
Other physical details illustrations ;
Dimensions 24 cm.
336 ## - CONTENT TYPE
Content type term text
Source rdacontent
Content type code txt
337 ## - MEDIA TYPE
Media type term unmediated
Source rdamedia
Media type code n
338 ## - CARRIER TYPE
Carrier type term volume
Source rdacarrier
Carrier type code nc
490 0# - SERIES STATEMENT
Series statement Lecture notes in computer science,
International Standard Serial Number 0302-9743 ;
Volume number/sequential designation 13477
504 ## - BIBLIOGRAPHY, ETC. NOTE
Bibliography, etc Includes bibliographical references and index.
540 ## - TERMS GOVERNING USE AND REPRODUCTION NOTE
Terms governing use and reproduction Current copyright fee: GBP19.00
Authorization 42\0
Institution to which field applies Uk
650 #7 - SUBJECT ADDED ENTRY--TOPICAL TERM
Topical term or geographic name as entry element Entertainment computing
Form subdivision Congresses.
Source of heading or term BUEsh
653 ## - INDEX TERM--UNCONTROLLED
Resource For college Arts and Design
Specialization Game Design
655 ## - INDEX TERM--GENRE/FORM
Form subdivision Reading book
700 1# - ADDED ENTRY--PERSONAL NAME
Personal name Göbl, Barbara,
Relator term editor.
856 ## - ELECTRONIC LOCATION AND ACCESS
Materials specified 1850-9999
Uniform Resource Identifier <a href="http://link.springer.com/">http://link.springer.com/</a>
942 ## - ADDED ENTRY ELEMENTS (KOHA)
Source of classification or shelving scheme Dewey Decimal Classification
Koha item type Book - Borrowing
945 ## - LOCAL PROCESSING INFORMATION (OCLC)
a Lecture notes in computer science, ISSN 0302-9743 ; vol 13477 2022
Holdings
Withdrawn status Lost status Source of classification or shelving scheme Damaged status Not for loan Collection code Home library Current library Shelving location Date acquired Source of acquisition Cost, normal purchase price Serial Enumeration / chronology Total Checkouts Full call number Barcode Date last seen Cost, replacement price Price effective from Koha item type
    Dewey Decimal Classification     Baccah Central Library Central Library Second Floor 07/09/2023 Purchase 2619.00 37586   790.20285 ENT 000056879 15/07/2025 3273.75 07/09/2023 Book - Borrowing